| 000 | 00000nam 2200000za 4500 |
| 001 | 9.802281 |
| 003 | CaOODSP |
| 005 | 20221107134946 |
| 007 | cr ||||||||||| |
| 008 | 150406s2015 onc|||||o f|0| 0 eng d |
| 040 | |aCaOODSP|beng |
| 043 | |an-cn--- |
| 086 | 1 |aYC33-0/412-17E-PDF |
| 110 | 1 |aCanada. |bParliament. |bSenate. |bSubcommittee on Veterans Affairs. |
| 245 | 10|aInterim report on the operational stress injuries of Canada's veterans |h[electronic resource] / |cThe Honourable Joseph A. Day, chair ; the Honourable Carolyn Stewart Olsen, deputy chair. |
| 260 | |a[Ottawa] : |bSenate, |c2015. |
| 300 | |aiv, 34 p. : |btables. |
| 490 | 1 |aReport of the Standing Senate Committee on National Security and Defence ; |v[41st Parliament, 2nd Session, 17th report] |
| 500 | |aIssued also in French under title: Rapport provisoire sur les blessures de stress opérationnel des anciens combattants du Canada. |
| 504 | |aIncludes bibliographical references. |
| 692 | 07|2gccst|aVeterans |
| 775 | 08|tRapport provisoire sur les blessures de stress opérationnel des anciens combattants du Canada |w(CaOODSP)9.802283 |
| 830 | #0|aReport of the Standing Senate Committee on National Security and Defence ;|v[41st Parliament, 2nd Session, 17th report]|w(CaOODSP)9.505249 |
| 856 | 40|qPDF|s428 KB|uhttps://publications.gc.ca/collections/collection_2015/sen/yc33-0/YC33-0-412-17-eng.pdf |